<?xml version="1.0" encoding="UTF-8"?>
<collection xmlns="http://www.loc.gov/MARC21/slim">
 <record>
  <leader>01146pam a22003018a 4500</leader>
  <controlfield tag="001">00045491</controlfield>
  <controlfield tag="005">20200521100517.0</controlfield>
  <controlfield tag="008">150423s2013                  ||||||Viesd</controlfield>
  <datafield tag="020" ind1="#" ind2="#">
   <subfield code="a">9786049873416</subfield>
   <subfield code="c">30000</subfield>
  </datafield>
  <datafield tag="041" ind1="0" ind2="#">
   <subfield code="a">Vie</subfield>
  </datafield>
  <datafield tag="082" ind1="1" ind2="4">
   <subfield code="a">372.37</subfield>
   <subfield code="b">H411Đ</subfield>
  </datafield>
  <datafield tag="245" ind1="0" ind2="0">
   <subfield code="a">Hoạt động trải nghiệm 1</subfield>
   <subfield code="c">Nguyễn Dục Quang (tổng chủ biên, chủ biên); Nguyễn Thị Thu Hằng,... [và những người khác]</subfield>
   <subfield code="b">Sách giáo viên</subfield>
  </datafield>
  <datafield tag="260" ind1="#" ind2="#">
   <subfield code="a">T.P. Hồ Chí Minh</subfield>
   <subfield code="b">Đại học sư phạm T.P. Hồ Chí Minh</subfield>
   <subfield code="c">2020</subfield>
  </datafield>
  <datafield tag="300" ind1="#" ind2="#">
   <subfield code="a">119 tr.</subfield>
   <subfield code="c">24 cm</subfield>
  </datafield>
  <datafield tag="490" ind1="#" ind2="#">
   <subfield code="a">Cánh Diều</subfield>
  </datafield>
  <datafield tag="653" ind1="#" ind2="#">
   <subfield code="a">Kỹ năng sống</subfield>
  </datafield>
  <datafield tag="653" ind1="#" ind2="#">
   <subfield code="a">Giáo dục</subfield>
  </datafield>
  <datafield tag="653" ind1="#" ind2="#">
   <subfield code="a">Lớp 1</subfield>
  </datafield>
  <datafield tag="653" ind1="#" ind2="#">
   <subfield code="a">Trải nghiệm</subfield>
  </datafield>
  <datafield tag="653" ind1="#" ind2="#">
   <subfield code="a">Tiểu học</subfield>
  </datafield>
  <datafield tag="653" ind1="#" ind2="#">
   <subfield code="a">Sách giáo viên</subfield>
  </datafield>
  <datafield tag="700" ind1="1" ind2="#">
   <subfield code="a">Nguyễn, Thị Thu Hằng</subfield>
  </datafield>
  <datafield tag="700" ind1="1" ind2="#">
   <subfield code="a">Ngô, Quang Quế</subfield>
  </datafield>
  <datafield tag="700" ind1="1" ind2="#">
   <subfield code="e">Tổng chủ biên, chủ biên</subfield>
   <subfield code="a">Nguyễn, Dục Quang</subfield>
  </datafield>
  <datafield tag="700" ind1="1" ind2="#">
   <subfield code="a">Phạm, Quang Tiệp</subfield>
  </datafield>
  <datafield tag="852" ind1="#" ind2="#">
   <subfield code="j">KD.0026743</subfield>
   <subfield code="j">KGT.0059039</subfield>
  </datafield>
  <datafield tag="910" ind1="#" ind2="#">
   <subfield code="d">21/5/2020</subfield>
  </datafield>
  <datafield tag="980" ind1="#" ind2="#">
   <subfield code="a">Trung tâm Học liệu Lê Vũ Hùng, Trường Đại học Đồng Tháp</subfield>
  </datafield>
 </record>
</collection>
